Central Library OPAC University of Rajshahi

সোভিয়েত ইউনিয়নের সংক্ষিপ্ত ইতিহাস / (Record no. 57152)

MARC details
000 -LEADER
fixed length control field 00802nam a2200205 a 4500
001 - CONTROL NUMBER
control field 57152
003 - CONTROL NUMBER IDENTIFIER
rucl marc code BD-RjUL
005 - DATE AND TIME OF LATEST TRANSACTION
control field 20211209080456.0
008 - FIXED-LENGTH DATA ELEMENTS--GENERAL INFORMATION
fixed length control field 161206s1905 ru a|||| |||| 00| 0 ben d
035 ## - SYSTEM CONTROL NUMBER
System control number (BD-RjUL)57276
040 ## - CATALOGING SOURCE
Original cataloging agency BD-RjUL
Language of cataloging ben
Transcribing agency BD-RjUL
041 ## - LANGUAGE CODE
Language code of text/sound track or separate title ben
082 ## - DEWEY DECIMAL CLASSIFICATION NUMBER
Edition number 23
Classification number 947.084
Author mark and year SOV 1905
245 00 - TITLE STATEMENT
Title সোভিয়েত ইউনিয়নের সংক্ষিপ্ত ইতিহাস /
260 ## - PUBLICATION, DISTRIBUTION, ETC. (IMPRINT)
Place of publication, distribution, etc. মস্কো :
Name of publisher, distributor, etc. বিদেশী ভাষায় সাহিত্য প্রকাশালয়,
Date of publication, distribution, etc. ১৯০৫
300 ## - PHYSICAL DESCRIPTION
Pagination ৩৫০ পৃ :
Illustrations চিত্র ;
Size ২৩ সেমি.
651 ## - SUBJECT ADDED ENTRY--GEOGRAPHIC NAME
Geographic name সোভিয়েত ইউনিয়ন
General subdivision ইতিহাস
9 (RLIN) 169766
Geographic name Soviet Union
General subdivision History
9 (RLIN) 129908
942 ## - ADDED ENTRY ELEMENTS (KOHA)
Source of classification or shelving scheme Dewey Decimal Classification
Koha item type Books
Holdings
Lost status Source of classification or shelving scheme Damaged status Not for loan Collection code Permanent Location Current Location Shelving location Date acquired Source of acquisition Total Checkouts Total Renewals Full call number Date last seen Date checked out Copy number Koha item type
  Dewey Decimal Classification     Non-fiction Central Library, University of Rajshahi Central Library, University of Rajshahi   05/08/1991 Samsunnahar 17   B 947.084 SOV 1905 10/05/2026 22/04/2026 C-2 Books